Search the Library Catalogue
| 000 -LEADER | |
|---|---|
| fixed length control field | 00507nam a2200181 a 4500 |
| 008 - FIXED-LENGTH DATA ELEMENTS--GENERAL INFORMATION | |
| fixed length control field | 250922s2006##################000#0#eng## |
| 020 ## - INTERNATIONAL STANDARD BOOK NUMBER | |
| ISBN | 9781933821009 |
| 082 04 - DEWEY DECIMAL CLASSIFICATION NUMBER | |
| Classification number | 796 |
| Item number | DER |
| 100 1# - MAIN ENTRY--AUTHOR NAME | |
| Personal name | Kids, The Editors of Sports Illustrated, |
| 245 10 - TITLE STATEMENT | |
| Title | Sports Illustrated Kids: The Amazing World of Sports : |
| 260 ## - PUBLICATION, DISTRIBUTION, ETC. (IMPRINT) | |
| Name of publisher | Sports Illustrated, |
| Year of publication | 2006. |
| 650 #0 - SUBJECT ADDED ENTRY--TOPICAL TERM | |
| Topical Term | Juvenile Nonfiction. |
| 942 ## - ADDED ENTRY ELEMENTS (KOHA) | |
| Koha item type | English Books |
| Withdrawn status | Lost status | Damaged status | Not for loan | Home library | Current library | Date acquired | Full call number | Accession Number | Price effective from | Koha item type |
|---|---|---|---|---|---|---|---|---|---|---|
| Anna Centenary Library | Anna Centenary Library | 22.09.2025 | 796 DER | 508540 | 22.09.2025 | English Books |